000 02565cam a22004818a 4500
001 17483237
003 BJBSDDR
005 20260420152945.0
007 ta
008 121003s2012 ilu b 001 0 eng
010 _a 2012040282
020 _a9781614387657
020 _a1614387656
035 _a17483237
040 _aDLC
_cDLC
_beng
041 _aeng
042 _apcc
043 _an-us---
050 0 0 _aKF318
_bM268l 2012
082 0 0 _a340.068/4
_223
100 1 _aManch, Susan G
_947617
245 1 0 _aLearning from law firm leaders /
_cSusan Manch ; Michelle C. Nash.
260 _aChicago, Ill. :
_bAmerican Bar Association,
_cc2012.
263 _a1211
300 _a259 paginas ;
_c24 cm
336 _atext
_btxt
_2rdacontent
337 _aunmediated
_bn
_2rdamedia
338 _avolume
_bnc
_2rdacarrier
504 _aIncludes bibliographical references and index.
505 0 _aIntroduction: learning from law firm leaders -- Followership: looking at leadership through a different lens -- Motivation to lead -- Paths to leadership -- The core competencies of leadership -- Knowledge and skill mastery and openness to learning -- Effective communication and interpersonal style -- Mentorship -- Vision -- Leadership and diversity -- Succession planning -- A model leadership development program -- Advice for next-generation leaders and their firms -- Concluding thoughts.
520 _aLearning from Law Firm Leaders imparts what these legal professionals learned from their experiences; and allow you to expand your own thinking on the topic of leadership. The book aims to crystallize views on a number of relevant aspects of leadership that have not been discussed in great depth in the current literature on leadership. You'll find information on the perceived leadership deficit as the Baby Boomer generation approaches retirement and how the next generation of leaders will be prepared to meet the challenges of changing markets and client demands.
650 0 _aLaw offices
_zUnited States
_xPersonnel management.
650 0 _aLeadership
_xPsychological aspects.
650 0 _aLawyers
_zUnited States
_xPsychology.
650 0 _aPractice of law
_zUnited States
_xPsychological aspects.
650 0 _aLaw firms
_xSocial aspects
_zUnited States.
700 1 _aNash, Michelle C
_948017
906 _a7
_bcbc
_corignew
_d1
_eecip
_f20
_gy-gencatlg
942 _2lcc
_n0
_cBK
946 _irmza
999 _c126854
_d126854